000 00989cab a2200217 4500
001 ABS67584
008 040322n2004 000 0 eng u
035 _a(Sirsi) u125504
245 _aThey're still not happy
260 _c2004
490 _aHouseBuilder
_v63(2)March 2004, 20-22(3)
520 _aReports on the results of the third "Housing Forum national customer satisfaction survey" on private sector house builders, sponsored by the DTI and ODPM and conducted by MORI. The survey reveals that new homebuyers are less happy than they were two years ago despite the efforts of the industry. Tables listing evaluations of 37 house builders and details of the questions on the quality of home and the service from the house builder.
590 _aABS
650 _aCUSTOMER SATISFACTION
650 _aCUSTOMER SERVICE
650 _aBUILDING QUALITY
650 _aHOUSE BUILDERS
650 _aPRIVATE SECTOR
690 _aBUILT ENVIRONMENT-CONSTRUCTION MARKET
942 _n0
999 _c74283
_d74283